Vista normal Vista MARC

Entrada Topical Term

Número de registros utilizados en: 1

001 - CONTROL NUMBER

  • control field: 12868

003 - CONTROL NUMBER IDENTIFIER

  • control field: OSt

005 - DATE AND TIME OF LATEST TRANSACTION

  • control field: 20210119115221.0

008 - FIXED-LENGTH DATA ELEMENTS

  • fixed length control field: 210119|| aca||aabn | a|a d

040 ## - CATALOGING SOURCE

  • Original cataloging agency: OSt
  • Transcribing agency: OSt

150 ## - HEADING--TOPICAL TERM

  • Topical term or geographic name entry element: Clan de los Kennedy
  • Geographic subdivision: Estados Unidos

670 ## - SOURCE DATA FOUND

  • Source citation: Work cat.: (OSt): Hersh, Seymour H., autor 12865, La cara oculta de J.F. Kennedy / , 1998